| 000 | 00715nam a22001935i 4500 | ||
|---|---|---|---|
| 001 | 152730 | ||
| 003 | ES-MaACL | ||
| 005 | 20230906204845.0 | ||
| 008 | 051018s1885 xxk | |||||||| ||eng d | ||
| 040 |
_aCAM _bspa _cCAM |
||
| 100 | 1 |
_aBright, John ( _d1811-1889) _9144240 |
|
| 245 | 1 | 4 |
_aThe public letters of the Right Hon. John Bright / _ccollected and edited by H.J. Leech. |
| 260 |
_aLondon : _bSampson Low, Marston, Searle & Rivington, _c1885. |
||
| 300 |
_aXV, 352 p. ; _c19 cm. |
||
| 600 | 1 | 4 |
_aBright, John ( _d1811-1889)- _vCorrespondencia. _9144241 |
| 651 | 4 |
_aGran BretaƱa- _xHistoria- _y1837-1901, Victoria. _9144250 |
|
| 700 | 0 |
_aLeech, H. J. _971202 |
|
| 852 |
_aES-MaACL _jC-3405 _z-- Enc. ed. en tela |
||
| 999 |
_c152730 _d152730 |
||